Quizzes
Events
Quiz Creation
Community
Videos
Private Events
Remove Ads
Sign In
Join for FREE
Feedback
Dark Mode
Quiz Categories
Sports
Geography
Music
Movies
Television
Just For Fun
Miscellaneous
History
Literature
Language
Science
Gaming
Entertainment
Religion
Holiday
For Kids
Quiz Lab
Recent
Popular Today
Quiz Kudos Today
Editor Picks
Curator Picks
Quizzes by...
Day
Popularity
Type
Ratings
Length
Year
Community
Subscriptions
Recent Discussions
Orange Saloon
Badges
Playlists
Quests
Create
Leaderboards
Showdown
Live 5
Trivia Bingo
Activity
Puzzle Library
Sporcle Events
Private Events
Virtual Trivia
Globe League
Become a Host
Pub Owners
SporcleCon
Opinionation
Our Games
Videos
Blog
Mobile Apps
Partnerships
Remove Ads and Go Orange
Feedback
Gaming
Video Games
Board Games
Card Games
Pokémon
Mario
Nintendo
Minecraft
Console
Toys
Legend of Zelda
Gaming
Video Games
Board Games
Card Games
Pokémon
Mario
Nintendo
Minecraft
Console
Toys
Legend of Zelda
Random Quiz
Search Sporcle
×
Quiz Lab
Quiz Lab
Gaming
1996
Type in answers that appear in a list
Type in answers that appear in a list
Classic
Best Score? Go Orange.
The Maps of Quake (1996) Stats
Can you name the maps of Quake 1?
By
Leaveittosteven
5m
38 Questions
97 Plays
97 Plays
97 Plays
Comments
Comments
Give Quiz Kudos
Give Quiz Kudos
-
- Ratings
hide this ad
Replay
Link that replays current quiz
Next Quiz
Link to next quiz in quiz playlist
You Got
0%
They Got
Avg Score
37%
Avg Friend Score
Upgrade to see
Score Distribution
Jump to the score distribution portion of the page
Score
0/38
Timer
05:00
1
Play Today
Map
% Correct
The Slipgate Complex
77.3%
Ziggurat Vertigo
57.7%
The Necropolis
56.7%
The Wind Tunnels
51.5%
The Wizard's Manse
50.5%
Azure Agony
50.5%
The Door to Chthon
48.5%
The House of Chthon
48.5%
The Grisly Grotto
47.4%
Gloom Keep
47.4%
The Dismal Oubliette
45.4%
Shub-Niggurath's Pit
45.4%
The Installation
44.3%
The Ogre Citadel
41.2%
Satan's Dark Delight
41.2%
The Pain Maze
41.2%
Castle of the Damned
38.1%
The Nameless City
37.1%
The Underearth
36.1%
Map
% Correct
The Vaults of Zin
36.1%
The Ebon Fortress
32%
Termination Central
32%
The Sewage System
32%
Welcome to Quake
28.9%
The Crypt of Decay
27.8%
Claustrophobopolis
27.8%
The Bad Place
27.8%
The Elder God Shrine
26.8%
The Tomb of Terror
24.7%
The Haunted Halls
24.7%
The Tower of Despair
24.7%
The Abandoned Base
24.7%
The Palace of Hate
23.7%
Place of Two Deaths
23.7%
Chambers of Torment
21.6%
The Cistern
21.6%
Hell's Atrium
20.6%
The Dark Zone
20.6%
Quiz Playlist
Details
Report
Send in Message
Add To Playlist
Classic:
Type in answers that appear in a list
Last Updated: Feb 16, 2017
Quiz Scoreboard
CHALLENGE
Sign Up to Join the Scoreboard
Show All
Scores
Hide
Comments
May contain spoilers
Recently Published
An Introduction to Baseball
by treessimontrees
Sports
5m
Movies - When Are They Set?
by FPL_Elf
Movies
5m
Popular People in 1961
by mucciniale
History
6m
More to Explore
Quiz From the Vault
Featured Blog Post
Where Did the Easter Bunny Come From?
hide this ad
You Might Also Like...
Tags
1996
map
Quake
Today's Top Quizzes in Gaming
Browse Gaming
hide this ad
Today's Top Quizzes in 1996
Browse 1996
Top Contributed Quizzes in Gaming
1
Destiny 2 exotic weapons by perk icons
2
5-to-1: Consoles
3
Ultimate Genshin Impact Logic Puzzle (up to 4.3)
4
7-to-1: Board Game Piece Blitz
5
5-to-1: Legend of Zelda
6
Franchise by Action Figure
7
Who's on the WWE 2K24 Cover?
8
Windmill: Pokémon
9
Genshin Impact Logic Puzzle Quiz
10
Legendary or Exotic?
Explore More
Trending Topics
Anime
NBA
Disney
Crossword
Harry Potter
Marvel
Kpop
NFL
WWE
Pokémon
Soccer
Puzzle
Song
Country
The Office
hide this ad
More By:
Leaveittosteven
Quiz
Plays
Rating
Category
Featured
Created
The Maps of Quake (1996)
97
4.50
Gaming
Aug 4, 2010
Go to Creator's Profile
Score Distribution
Quiz Creator Spotlight
Leaveittosteven
Follow
Send a Message
Quizzes Created
-
Created Quiz Play Count
-
More By This Creator
Popular Quizzes Today
1
Find the Countries of Europe - No Outlines Minefield
2
Find the US States - No Outlines Minefield
3
The Countries of the World
4
Popular People in 1961
5
Find the US States
6
US States
7
1-10 Letter E Words III
8
Risky Map Clicking: Biggest States A-Z
More Gaming Quizzes
LGBTQ+ Nintendo Characters
Quiz Lab
Trending Quizzes
Risky Map Clicking: Least Populous States A-Z
1-10 Letter F Words
1-10 Letter G Words
Not Quite an Element Typing Challenge
One Thing in Common: United Kingdom
Recently Updated
Leaping Animals
pecheneg
Reality TV Shows (A-Z)
bhenderson79
Rickey Henderson's Hall of Fame Teammates
pecheneg
Champions League XIs: Arsenal
pecheneg
Quick Pick: Celebrities in WWE's Hall of Fame
aduchscher
A-Z Keypad Blitz II
pecheneg
Multiple Oscar Actors
pecheneg
Mystery Phrase Blitz: Oscar 'Best Actors'
pecheneg
F. Scott Fitzgerald Novels
LTH
Pick 3 Villains
ddd62291
Trending Topics
Disney
Crossword
Kpop
Anime
Marvel
NBA
Harry Potter
WWE
Country
The Office
Puzzle
NFL
Song
Pokémon
Soccer
Your Account Isn't Verified!
In order to create a playlist on Sporcle, you need to verify the email address you used during registration. Go to your
Sporcle Settings
to finish the process.
Report this User
Report this user for behavior that violates our
Community Guidelines
.
Details:
Send Report
Go to the Sporcle.com Mobile Site →
Comments